[Event "Barcelona Sant Marti op-B 14th"]
[Site "Barcelona"]
[Date "2012.07.15"]
[Round "3"]
[White "Liarte Genoves, Sergi"]
[Black "Ligero Martinez, Jesus"]
[Result "0-1"]
[WhiteElo "1799"]
[BlackElo "1877"]
[PlyCount "78"]
[EventDate "2012.07.13"]
[EventType "swiss"]
[EventRounds "9"]
[EventCountry "ESP"]
[SourceTitle "CBM 149 Extra"]
[Source "ChessBase"]
[SourceDate "2012.08.24"]
[SourceVersion "1"]
[SourceVersionDate "2012.08.24"]
[SourceQuality "1"]

1. e4 c5 2. Nc3 Nc6 3. Bc4 g6 4. f4 Bg7 5. Nf3 e6 6. d3 Nge7 7. 0-0 0-0 8. Qe1 d5 9. Bb3 Nd4 10. Nxd4 cxd4 11. Ne2 dxe4 12. dxe4 d3 13. cxd3 Qxd3 14. Ng3 Bd4+ 15. Kh1 a5 16. Rf3 Qb5 17. Qe2 Qxe2 18. Nxe2 Bg7 19. Rd3 b5 20. Rb1 Bb7 21. Ng3 Rfd8 22. Rd1 Rxd1+ 23. Bxd1 Rd8 24. Be2 Rd4 25. Bf3 Nc6 26. b3 Nb4 27. Bb2 Rd2 28. Bxg7 Kxg7 29. a3 Nd3 30. Be2 Nf2+ 31. Kg1 Nxe4 32. Bf3 Nc3 33. Rc1 Bxf3 34. gxf3 Rd3 35. Kg2 Nd5 36. f5 exf5 37. Rc5 Nf4+ 38. Kf1 Rxf3+ 39. Kg1 Rxb3 0-1

[Event "Llinars del Valles op-A 6th"]
[Site "Llinars del Valles"]
[Date "2012.04.21"]
[Round "2"]
[White "Moravich Casais, Juan Santiago"]
[Black "Ligero Martinez, Jesus"]
[Result "1-0"]
[WhiteElo "2078"]
[BlackElo "1879"]
[PlyCount "73"]
[EventDate "2012.04.14"]
[EventType "swiss"]
[EventRounds "9"]
[EventCountry "ESP"]
[SourceTitle "EXT 2013"]
[Source "ChessBase"]
[SourceDate "2012.11.22"]
[SourceVersion "1"]
[SourceVersionDate "2012.11.22"]
[SourceQuality "1"]

1. d4 d5 2. c4 e6 3. Nc3 Nf6 4. cxd5 exd5 5. Bg5 Be7 6. e3 0-0 7. Bd3 b6 8. Qc2 h6 9. Bf4 Bd6 10. Nge2 c5 11. Bxd6 Qxd6 12. 0-0 a6 13. dxc5 bxc5 14. Nf4 Nc6 15. a3 Bb7 16. Rfd1 Ne7 17. Rac1 Rac8 18. Na4 Rc7 19. Nxc5 Rfc8 20. b4 Nd7 21. Qb2 Qc6 22. Nce6 fxe6 23. Rxc6 Rxc6 24. Nh5 e5 25. Ng3 e4 26. Bb1 Rc3 27. Ne2 R3c7 28. Rc1 Rxc1+ 29. Nxc1 Ne5 30. h3 Nc4 31. Qb3 Nd2 32. Qb2 Nc4 33. Qa2 Nc6 34. Bxe4 Nxb4 35. axb4 dxe4 36. Nb3 Rc6 37. Na5 1-0

[Event "Llinars del Valles op-A 5th"]
[Site "Llinars del Valles"]
[Date "2011.06.04"]
[Round "6"]
[White "Ligero Martinez, Jesus"]
[Black "Cobos Navarro, Francesco"]
[Result "1-0"]
[WhiteElo "1724"]
[BlackElo "1924"]
[PlyCount "95"]
[EventDate "2011.04.30"]
[EventType "swiss"]
[EventRounds "7"]
[EventCountry "ESP"]
[SourceTitle "EXT 2012"]
[Source "ChessBase"]
[SourceDate "2011.11.24"]
[SourceVersion "1"]
[SourceVersionDate "2011.11.24"]
[SourceQuality "1"]

1. e4 c5 2. Nf3 d6 3. d4 cxd4 4. Nxd4 Nf6 5. Nc3 g6 6. Bg5 Bg7 7. Qd2 Nc6 8. Nb3 0-0 9. h4 a5 10. a4 Be6 11. h5 Qb6 12. Bb5 Nxh5 13. Be3 Qc7 14. Bh6 Ne5 15. f3 Rac8 16. 0-0-0 Bxb3 17. cxb3 Nf6 18. Kb1 Bxh6 19. Qxh6 e6 20. Qh4 Kg7 21. Qh6+ Kh8 22. Qg5 Qd8 23. f4 Neg4 24. e5 Rc5 25. Rxd6 Qxd6 26. exd6 Rxg5 27. fxg5 Nd5 28. Nxd5 exd5 29. d7 Ne5 30. Re1 Nxd7 31. Bxd7 Kg7 32. Re7 h6 33. Be6 hxg5 34. Bxd5 Kf6 35. Rxb7 g4 36. Ra7 g3 37. Ra6+ Kg5 38. Rxa5 Kf4 39. Ra8 Rxa8 40. Bxa8 Ke5 41. a5 Kd6 42. b4 f5 43. Kc2 g5 44. Kd2 f4 45. Ke2 g4 46. b5 Kc7 47. Be4 Kb8 48. b6 1-0

[Event "Llinars del Valles op-A 5th"]
[Site "Llinars del Valles"]
[Date "2011.06.04"]
[Round "7"]
[White "Toste Nieto, Alexandre"]
[Black "Ligero Martinez, Jesus"]
[Result "1-0"]
[WhiteElo "1941"]
[BlackElo "1724"]
[PlyCount "81"]
[EventDate "2011.04.30"]
[EventType "swiss"]
[EventRounds "7"]
[EventCountry "ESP"]
[SourceTitle "EXT 2012"]
[Source "ChessBase"]
[SourceDate "2011.11.24"]
[SourceVersion "1"]
[SourceVersionDate "2011.11.24"]
[SourceQuality "1"]

1. Nf3 Nf6 2. c4 e6 3. Nc3 d5 4. cxd5 exd5 5. d4 Be7 6. Bf4 0-0 7. Rc1 c5 8. g3 Nc6 9. Bg2 cxd4 10. Nxd4 Qb6 11. Nxc6 bxc6 12. Na4 Bb4+ 13. Bd2 Qd4 14. Bc3 Qxd1+ 15. Kxd1 Bxc3 16. Rxc3 Rb8 17. b3 Ba6 18. Nc5 Rb6 19. a4 Bc8 20. Kc1 Bf5 21. e3 Rfb8 22. h3 Nd7 23. Nxd7 Bxd7 24. Kb2 Be6 25. Rd1 Kf8 26. Rdd3 a5 27. g4 d4 28. exd4 Ke7 29. Bxc6 Bd7 30. Bxd7 Kxd7 31. Rc5 Rf6 32. f3 Rh6 33. f4 Re6 34. Rxa5 Re2+ 35. Kc3 Rc8+ 36. Rc5 Rb8 37. b4 Re1 38. b5 Ra8 39. Kb4 Ra1 40. Ra3 Rb1+ 41. Kc4 1-0

[Event "Llinars del Valles op-A 5th"]
[Site "Llinars del Valles"]
[Date "2011.05.28"]
[Round "5"]
[White "Soler Colomer, Valenti"]
[Black "Ligero Martinez, Jesus"]
[Result "1-0"]
[WhiteElo "1981"]
[BlackElo "1724"]
[PlyCount "51"]
[EventDate "2011.04.30"]
[EventType "swiss"]
[EventRounds "7"]
[EventCountry "ESP"]
[SourceTitle "EXT 2012"]
[Source "ChessBase"]
[SourceDate "2011.11.24"]
[SourceVersion "1"]
[SourceVersionDate "2011.11.24"]
[SourceQuality "1"]

1. d4 d5 2. c4 e6 3. Nc3 Nf6 4. cxd5 exd5 5. Bg5 Be7 6. e3 Bf5 7. Bxf6 Bxf6 8. Qb3 c6 9. Qxb7 0-0 10. Qxa8 Qb6 11. Bb5 Bc8 12. a4 cxb5 13. Nxd5 Qd6 14. axb5 Be6 15. Nxf6+ gxf6 16. f3 Qb4+ 17. Kf2 Qd2+ 18. Ne2 Bc4 19. Rhe1 Re8 20. e4 f5 21. Rad1 Qxb2 22. e5 f6 23. f4 Qc2 24. Qf3 Bxb5 25. Rc1 Qd2 26. Qd5+ 1-0

[Event "ESP-ch U14"]
[Site "Linares"]
[Date "2010.07.15"]
[Round "4"]
[White "Segura Santos, Luis"]
[Black "Ligero Martinez, Jesus"]
[Result "1-0"]
[WhiteElo "1788"]
[BlackElo "1709"]
[PlyCount "75"]
[EventDate "2010.07.13"]
[EventType "swiss"]
[EventRounds "9"]
[EventCountry "ESP"]
[SourceTitle "CBM 137 Extra"]
[Source "ChessBase"]
[SourceDate "2010.09.01"]
[SourceVersion "1"]
[SourceVersionDate "2010.09.01"]
[SourceQuality "1"]

1. e4 e5 2. Nf3 Nc6 3. d4 exd4 4. Bc4 Bc5 5. 0-0 d6 6. h3 Nf6 7. Bg5 h6 8. Bh4 0-0 9. Re1 Re8 10. Nbd2 Ne5 11. Bb3 Nxf3+ 12. Qxf3 Be6 13. Rad1 Bb6 14. e5 dxe5 15. Ne4 Bxb3 16. Nxf6+ Kh8 17. Nxe8 Qxh4 18. axb3 Qe7 19. Nxg7 Kxg7 20. Qg3+ Qg5 21. Qxe5+ Qxe5 22. Rxe5 Kf6 23. Rde1 Rd8 24. Re8 Rd7 25. Rd1 Rd5 26. Rd3 Kf5 27. Rf3+ Kg6 28. Rg8+ Kh7 29. Rfg3 h5 30. R8g7+ Kh6 31. Rxf7 Re5 32. Kf1 h4 33. Rd3 Kg6 34. Rf4 Kg5 35. Rg4+ Kh5 36. c3 c5 37. Rf3 Ba5 38. Rf8 1-0

[Event "ESP-ch U12"]
[Site "Granada"]
[Date "2009.07.04"]
[Round "8"]
[White "Ventura Bolet, Maxim"]
[Black "Ligero Martinez, Jesus"]
[Result "0-1"]
[WhiteElo "1829"]
[BlackElo "1670"]
[PlyCount "92"]
[EventDate "2009.06.30"]
[EventType "swiss"]
[EventRounds "9"]
[EventCountry "ESP"]
[SourceTitle "CBM 131 Extra"]
[Source "ChessBase"]
[SourceDate "2009.09.03"]
[SourceVersion "2"]
[SourceVersionDate "2009.09.16"]
[SourceQuality "1"]

1. c4 e5 2. g3 Nf6 3. Bg2 d5 4. cxd5 Nxd5 5. Nc3 Nb6 6. d3 Nc6 7. Nf3 Be7 8. 0-0 0-0 9. a3 f6 10. b4 Be6 11. Bb2 a6 12. h3 Qd7 13. Kh2 f5 14. Rc1 Bd6 15. Ng5 Rf6 16. Nxe6 Qxe6 17. e4 f4 18. g4 Nd4 19. f3 c6 20. Ne2 Nxe2 21. Qxe2 Na4 22. Ba1 c5 23. bxc5 Bxc5 24. Rfd1 Rd8 25. Qc2 b5 26. Bb2 Be3 27. Ra1 Nxb2 28. Qxb2 Bd4 29. Qc2 Bxa1 30. Rxa1 Rc8 31. Qb2 Rf7 32. a4 bxa4 33. Rxa4 Rfc7 34. Ra5 Rc5 35. Ra3 a5 36. Qb7 R8c7 37. Qb8+ Qc8 38. Qb3+ Kh8 39. Ra4 Rb7 40. Qa3 h6 41. Rxa5 Rxa5 42. Qxa5 Rb2 43. Qa3 Qc2 44. Qf8+ Kh7 45. Qf5+ Kg8 46. Qe6+ Kh8 0-1

[Event "ESP-ch U12"]
[Site "Granada"]
[Date "2009.07.01"]
[Round "3"]
[White "Ligero Martinez, Jesus"]
[Black "Forsberg Conde, Martin"]
[Result "0-1"]
[WhiteElo "1670"]
[BlackElo "1846"]
[PlyCount "80"]
[EventDate "2009.06.30"]
[EventType "swiss"]
[EventRounds "9"]
[EventCountry "ESP"]
[SourceTitle "CBM 131 Extra"]
[Source "ChessBase"]
[SourceDate "2009.09.03"]
[SourceVersion "2"]
[SourceVersionDate "2009.09.16"]
[SourceQuality "1"]

1. e4 e5 2. Nf3 Nc6 3. Bc4 Be7 4. d4 exd4 5. Nxd4 d6 6. 0-0 Nf6 7. Nc3 0-0 8. Be3 Ng4 9. Qd2 Nxe3 10. Qxe3 Nxd4 11. Qxd4 Bf6 12. Qe3 Re8 13. Rae1 Bf5 14. f4 Bxc3 15. Qxc3 Bxe4 16. f5 Qg5 17. Rf2 c6 18. Re3 d5 19. Rg3 Qh6 20. Bf1 g6 21. f6 Rad8 22. Qb3 b5 23. a4 a6 24. Qc3 d4 25. Qc5 Qc1 26. h3 d3 27. Qh5 Kh8 28. Qh4 dxc2 29. Rf4 Rd1 30. Rgg4 Qe3+ 31. Kh2 g5 32. Qh6 Rg8 33. Rxe4 c1Q 34. Rxe3 Qxe3 35. Rg3 Qf2 36. h4 Rxf1 37. Rxg5 Qf4+ 38. g3 Qf2+ 39. Kh3 Rh1+ 40. Kg4 Qe2+ 0-1